| 000 | 00544nam a2200181 a 4500 | ||
|---|---|---|---|
| 001 | 730 | ||
| 003 | CDMR | ||
| 005 | 20130517121019.0 | ||
| 008 | 130130s1991||||||||||||||||||||||||||||d | ||
| 020 | _a8428318794 | ||
| 040 |
_aCDMR _bcat _cCDMR |
||
| 100 | 1 |
_aAguadero Fernández, Francisco _9566 |
|
| 245 | 1 | 0 |
_aDiccionario de comunicación audiovisual _b: español - inglés, inglés - español _cF. Aguadero Fernandez |
| 260 |
_aMadrid _c1991 _bParaninfo |
||
| 300 |
_a199 p ; _c21 cm |
||
| 650 | 0 | 4 |
_93463 _aComunicació _xDiccionaris |
| 942 |
_cMON _2udc |
||
| 999 |
_c730 _d730 |
||